书目信息 |
| 书名: | 教学媒体与技术 | |
| 作者: | [美]Robert Heinich等[著]. | |
| 分册号: | [专著] / | |
| 分册名: | 出版地: | 北京 : |
|
| 出版社: | 高等教育出版社 | |
| 出版时间: | 2002. | |
| 页数: | 20,377页 : | |
| 开本: | 26cm + | |
| 丛书名: | ||
| 中图分类号: | ||
| 科图分类号: | ||
| 其他分类号: | G43 | |
| 主题词: | ||
| 电子资源: | ||
| 000 | 00718nam 2200229 a 4500 | |
| 001 | 0002312743 | |
| 005 | 20070827093518.73 | |
| 008 | 030227m2002----ch a 001 0 chi0 | |
| 020 | @a7-04-011408-9 :@cCNY37.00(含光盘). | |
| 041 | @aeng | |
| 090 | @aG431 @v4 | |
| 090 | @aG43 | |
| 099 | @dG43@ex38=7 | |
| 100 | 1 | @aHeinich @cRobert @4著 |
| 245 | 10 | @a教学媒体与技术@h[专著] / @c[美]Robert Heinich等[著]. |
| 246 | 1 | @aInstructional Media and Technologies for Learning |
| 250 | @a7版 :@b影印版. | |
| 260 | 1 | @a北京 :@b高等教育出版社,@c2002. |
| 300 | @a20,377页 :@b图 ;@c26cm +@e光盘1片. | |
| 500 | @a教育部高等教育司推荐 国外优秀信息科学与技术系列教学用书 | |
| 650 | 04 | @a电化教学 |
| 650 | 04 | @a电化教学 @x高等教育 |
| 教学媒体与技术 [[专著] / ] / [美]Robert Heinich等[著].-7版 : : 影印版.-北京 : : 高等教育出版社, , 2002. |
| 20,377页 : : 图 ; ; 26cm + + 光盘1片. |
| 教育部高等教育司推荐 国外优秀信息科学与技术系列教学用书 |
| ISBN 7-04-011408-9 :CNY37.00(含光盘). |
| ● |
| 相关链接 |
|
|
|
|
正题名:教学媒体与技术
索取号:G43/x38=7
 
预约/预借
| 序号 | 登录号 | 条形码 | 馆藏地/架位号 | 状态 | 备注 |
| 1 | 17402 | 300174022 | 第二样本阅览室/ [索取号:G43/x38=7] | 在馆 |